| 000 | 01421nam0a22002651 4500 | ||
|---|---|---|---|
| 001 | rc\2773837 | ||
| 005 | 20250806204557.0 | ||
| 035 | _a(NLR Aleph) 006900160 | ||
| 090 |
_a29328 _c29328 |
||
| 100 | _a20110915d1941 u y0rusy50 ca | ||
| 101 | 0 | _arus | |
| 102 | _aRU | ||
| 105 | _aa g ||||| | ||
| 200 | 1 |
_aСправочник укрупненных сметных норм на строительно-монтажные работы по связи _fРазработан глав. строительным упр. и Всесоюз. гос. трестом по проектированию всех видов сооружений связи нар. ком. связи Союза ССР |
|
| 210 |
_aМосква _cСвязьиздат _d1941 |
||
| 215 |
_a509 с. _cтабл. _d23 см. |
||
| 225 | 1 |
_aЦенник _fНар. ком. связи Союза ССР. Глав. строительное упр. _vТ. 9 |
|
| 300 | _aНа обороте тит. л.: Разработан глав. строительным упр. и Всесоюз. гос. трестом по проектированию всех видов сооружений связи нар. ком. связи Союза ССР | ||
| 801 | 0 |
_aRU _bNLR _gpsbo |
|
| 801 | 1 |
_aRU _bELAR _2rusmarc |
|
| 852 |
_aNLR _jПт 10/1-9 |
||
| 942 | _cBOOK | ||
| 945 | _aРоссийская национальная библиотека | ||
| 980 | _aNB | ||
| 980 | _aBV | ||